000 01929nam a2200349 i 4500
003 OSt
005 20260514162214.0
008 260514t20242024enkao fr 001 0beng d
020 _a9781446310564
_cRM110.00
_qpaperback
040 _aPPAK
_beng
_cPPAK
_erda
082 0 4 _223
_a751.42243
090 0 0 _a751.42243
_bLEA
_dR
100 1 _aLeach, Kate Rebecca,
_eauthor.
245 1 0 _aCREATIVE Abstract Watercolour :
_bThe beginner's guide to expressive and imaginative painting /
_cKATE REBECCA LEACH ; Managing Editor: Jeni Chown ; Project Editor: Jenny Fox-Proverbs ; Designers: Sam Staddon and Lee-May Lim ; Photography and Art Direction: Tom Hargreaves
264 1 _aExeter, England :
_bDAVID & CHARLES,
_c2024
264 4 _c©2024
300 _a119 pages :
_bcolour illustrations, colour photographs ;
_c28 cm
336 _atext
_2rdacontent
337 _aunmediated
_2rdamedia
338 _avolume
_2rdacarrier
500 _aIncludes index.
520 _aLearn how to create dynamic, original abstract art using easy techniques and nothing more than watercolor paints and a few pens. Let your creativity loose and start making art, without getting bogged down in detail or accuracy - just allow yourself to experiment, have fun, be present and play with colour, shape and texture to your heart's content. In this unique step-by-step book, you'll discover watercolor techniques, tips and tricks to create your own vibrant art, letting the natural watercolor flow to help form your composition and inspire further mixed media embellishment.
650 1 0 _aWatercolor painting
_xTechnique
650 2 0 _aPainting, Abstract
650 2 0 _aNature in art
700 1 _aChown, Jeni,
_eeditor.
700 1 _aJenny, Fox-Proverbs,
_eeditor.
700 1 _aStaddon, Sam,
_edesigner.
700 1 _aLee-May Lim,
_edesigner.
700 1 _aHargreaves, Tom,
_ephotographer.
942 _2ddc
_cB
999 _c204285
_d204285